000 00456nmm a2200157Ia 4500
008 251105s9999||||xx |||||||||||||||||und||
020 _a9789580612575
041 _aspa
100 _aFiracative B., Manuel Horacio
245 0 _aFabián. El hijo maldito
264 _a[Bogotá, Colombia] :
_bOveja Negra,
_c2014
300 _a138 páginas
650 _aLatin American narrative
856 _uhttps://public.digitaliapublishing.com/a/37818
942 _cCF
999 _c94914
_d94914